Datum a čas kvízu
37
Celkem bodů
Celkový počet nahraných bodů na tomto kvízu bez doplňovacích otázek.
8.
Pořadí na kvízu
Konečné umístění týmu na tomto kvízu.
Zaznamenané odpovědi
| # | Otázka | Odpověď | Body | Výsledky |
|---|---|---|---|---|
| 1. | Jakou přezdívku si vysloužilo... | Varle | 1 | |
| 2. | Odstín které barvy byl americk... | bílé | 0 | |
| 3. | Kterou známou hollywoodskou he... | Julii Roberts | 1 | |
| 4. | Tento klenot z horského křišťá... | Fabergého vejce | 1 | |
| 5. | V neděli jsme se dozvěděli jmé... | Lando Norris, 3. místo | 0.5 | |
| 6. | Jak jinak začít toto téma, než... | žlutý trpaslík | 0.5 | |
| 7. | Další otázku věnujme Zemi. Jed... | 6378 km | 1 | |
| 8. | Nyní se podíváme na planety, c... | Uran; Venuše | 0.5 | |
| 9. | Na řadě je rychlost planet. Co... | B | 1 | |
| 10. | Přiřaďte názvy těchto čtyř pla... | 1B; 2D; 3C; 4A | 1 |